| 000 | 00437 a2200157 4500 | ||
|---|---|---|---|
| 003 | OSt | ||
| 005 | 20250419123814.0 | ||
| 008 | 250419b |||||||| |||| 00| 0 eng d | ||
| 020 | _a9789352500475 | ||
| 100 | _aSreevani, R. | ||
| 245 | _aGuide to Mental Health Nursing . | ||
| 250 | _a4th Ed | ||
| 260 | _bJaypee Brothers Medical Publisher Pvt. Ltd. | ||
| 610 |
_a Mental Health Nursing _9209314 |
||
| 942 |
_2ddc _cBK |
||
| 999 |
_c356860 _d356860 |
||